000 00843nam a2200229 a 4500
001 000022490
005 20250621074007.0
008 101012s2013 dr 000 0 spa d
020 _a9993479896
040 _aDO-SdBNP
_bspa
_cBNPHU
082 _a923.27293
_bD812i, 2013
245 0 0 _aIdeario de Duarte y su proyecto de constitución /
_cCompilador Vetilio Alfau Durán.
260 _aSanto Domingo :
_bBúho,
_c2013.
300 _a57 p. ;
_c23 cm.
590 _aInventariado, 2019/BT
600 1 0 _aDuarte, Juan Pablo,
_d1813-1876
_91494
651 4 _aRepública Dominicana
_xConstitución
_91008
651 0 _aRepública Dominicana
_xPolítica y gobierno
_945
651 0 _aRepública Dominicana --
_xHistoria --
_y1844-1930
_91009
700 1 2 _aAlfau Durán, Vetilio,
_d1909-1985
_ecomp.
_910091
910 _aValidado. Control de calidad MFF
999 _c21988
_d21988